Statistics for Friends General Knowledge

Click here to take the quiz!

General Stats

  • This quiz has been taken 107 times
  • The average score is 3 of 7

Answer Stats

QuestionAnswer% Correct
What is the name of Phoebe's overly-optimistic boyfriend?Parker
74%
What size are Joey's feet?8
54%
What is Joey's cuddly penguin called?Huggsy
38%
What nickname does Joey fear Ross bringing back?The Rossatron
38%
What type of cat does Rachel get?Sphynx
29%
What are the names of the triplets Phoebe gives birth to?Frank Jr Jr, Leslie and Chandler
15%
What relation is the Holiday Armadillo to Santa?Part Jewish friend
13%

Score Distribution

Percentile by Number Answered

Percent of People with Each Score

Your Score History

You have not taken this quiz